03526nam a2200373 i 4500001001000000003000900010005001700019007000300036008004100039020002300080020002300103040003000126041000800156082001700164111011100181245007700292264005300369300006300422336002700485337003300512338002800545505062500573505106201198590002702260700004002287710006102327942001402388952014302402952013902545952013402684952015802818952015902976999001703135000047909DO-SdBNP20251013132200.0ta181003e2007 dr adc gr s001 e spa d a9789945130546, v.1 a9789945130584, v.2 aDO-SdBNPbspacBNPHUerda aspa 4axxxbxxx2222 aSeminario Taller la Campaña Electoral, Regulación y Controld(2007 : 14-15 jun.cSanto Domingo)97546813aLa campaña electoral :bregulación y control ; editor, Nurys Paulino 1aSanto Domingo :bJunta Central Electoral,c2007. avolumenes ;bilustraciones, gráficos, retratos ;c22 cm. atextobtxt2rdacontent asin mediaciónbn2rdamedia avolumenbnc2rdacarrier0 aPresentación--tDiscurso de bienvenida a cargo del Doctor Julio César Castaños Guzmán--tDiscurso del Reverendo Padre Ramón Alonso, Rector de la Universidad Católica Santo Domingo--tTema 1--tMarcos regulatorios de la campaña electoral en República Dominicana /tRegulación y Control de las campañas electorales en América Latina: balance general-tTema 2--tCampaña electorales, equidad y democracia en México : experiencia mexicana --tTema 3--tCampaña electoral, regulación y control experiencia chilena --tTema 4--tPanel representantes partidos políticos --tPalabras de Clausura.0 av.2--tCampaña Electoral: Financiamien--gPresentación --tDiscurso de bienvenida a cargo del Dr. Julio César--gTema I--t"Marco Jurídico del Financiamiento de la Campaña Electoral en la República Dominicana, Dr. José Ángel Aquino Rodríguez, Miembro Titular de la Cámara Administrativa de la Junta Central Electoral--t"Evolución del Financiamiento de la Campaña Electoral en Europa: experiencia en las Islas Canarias, Dr. Alfredo Belda, Diputado del parlamento Canario, España--gTema II--tFinanciamiento de los partidos políticos y de las Campañas Electorales en México, Lic. Arturo Sánchez Guitiérrez, Ministro Consejo Instituto Federal Electoral de México (IFE)--tFinanciación de Campañas Electorales y Rendición de Cuentas de las Campañas: Experiencia colombiana, Dr. Marco Emilio Hincapié Ramírez, Miembro Titular del Consejo Nacional Electoral de Colombia--tPalabras de clausura, Dr. César Francisco Féliz Féliz, Miembro Titular de la Cámara Administrativa de la Junta Central Electoral. aInventariado, 2019/ VM aPaulino, Nurys,eeditor4ed.9221361 aRepública Dominicana.b Junta Central Electoral964605 2ddccLBS1 00102ddc51708PDaBNPHUbBNPHUcCTd2018-10-03eDonado por Maritza BáezoBNPHU PD S471tp47909-10r2020-06-25tv. 1w2020-06-25yLBS1 00102ddc51708PDaBNPHUbBNPHUcCTd2022-03-31eDonado por CERTVoBNPHU PD S471tp2022-1032r2022-03-31tv.1, e.2w2022-03-31yLBS1 00102ddc51708PDaBNPHUbBNPHUcCTd2018-07-31eDonado por CERTVoBNPHU PD S471tp2022-4597r2022-10-31tv.2w2022-10-31yLBS1 00102ddc56708DSaBNPHUbBNPHUcCTd2025-03-21eDonado por la Junta Central Electorall0oBNPHU DS p2025-2229r2025-03-21tv.1, e.3w2025-03-21yLBS1 00102ddc56708DSaBNPHUbBNPHUcCTd2025-06-02eDonado por la Junta Central Electorall0o BNPHU DS p2025-4720r2025-06-02tv.1, e.4w2025-06-02yLBS1 c47397d47397